| 000 | 00900cam a22003017a 4500 | ||
|---|---|---|---|
| 003 | CHAP | ||
| 005 | 20220329142459.0 | ||
| 008 | 010605d1989 mx r 00110 spa d | ||
| 010 | _a84083 | ||
| 011 | _a85055 | ||
| 020 | _a0070145334 | ||
| 035 | _a95585 | ||
| 040 | _cCHAP | ||
| 082 | 0 | 4 |
_a658 _bC7Y |
| 100 | 0 | 0 |
_aCrosby, Philip B. _929184 |
| 245 | 1 | 3 |
_aLa organización permanente exitosa _c/por Philip B. Crosby |
| 260 |
_aMéxico, D. F. : _bMcGraw-Hill, _c1989. |
||
| 300 | _a273 p. | ||
| 590 |
_aBATCH-UPD _b10 _c20130110 _lUCH01 _h1147 |
||
| 590 |
_aBATCH-UPD _b10 _c20130410 _lUCH01 _h0732 |
||
| 590 |
_aBATCH-UPD _b10 _c20130913 _lUCH01 _h1947 |
||
| 590 |
_aCONVERSION _b10 _c20130109 _lUCH01 _h1347 |
||
| 650 | 1 | 4 |
_aAdministración de empresas. _9922 |
| 901 | _aBK | ||
| 905 | _aLilia Sánchez G. | ||
| 942 | _cLIBRO | ||
| 949 |
_a658 C7Y _bBC _cLIBRO _d33724000824405 _eLIBRO _h100217 _i95585 _si |
||
| 999 |
_c84083 _d84083 |
||